Insurance law in East Africa / (Record no. 4812)

MARC details
000 -LEADER
fixed length control field 00710nam a2200241 i 4500
001 - CONTROL NUMBER
control field 4105927
003 - CONTROL NUMBER IDENTIFIER
control field OSt
005 - DATE AND TIME OF LATEST TRANSACTION
control field 20150706114344.0
008 - FIXED-LENGTH DATA ELEMENTS--GENERAL INFORMATION
fixed length control field 770225s1973 ke b 001 0 eng
010 ## - LIBRARY OF CONGRESS CONTROL NUMBER
LC control number 74980023
040 ## - CATALOGING SOURCE
Original cataloging agency DDC
Transcribing agency DDC
Modifying agency DDC
043 ## - GEOGRAPHIC AREA CODE
Geographic area code fe-----
050 00 - LIBRARY OF CONGRESS CALL NUMBER
Classification number LAW
082 00 - DEWEY DECIMAL CLASSIFICATION NUMBER
Classification number 346.086 BYA
100 1# - MAIN ENTRY--PERSONAL NAME
Personal name Byamugisha, Joseph B.
9 (RLIN) 5808
245 10 - TITLE STATEMENT
Title Insurance law in East Africa /
Statement of responsibility, etc J. B. Byamugisha.
260 ## - PUBLICATION, DISTRIBUTION, ETC. (IMPRINT)
Place of publication, distribution, etc Nairobi :
Name of publisher, distributor, etc East African Literature Bureau,
Date of publication, distribution, etc 1973.
300 ## - PHYSICAL DESCRIPTION
Extent xv, 218 p. ;
Dimensions 22 cm.
504 ## - BIBLIOGRAPHY, ETC. NOTE
Bibliography, etc Includes bibliographical references and index.
650 #0 - SUBJECT ADDED ENTRY--TOPICAL TERM
Topical term or geographic name as entry element Insurance law
Geographic subdivision Africa, East.
9 (RLIN) 5809
906 ## - LOCAL DATA ELEMENT F, LDF (RLIN)
a 7
b cbc
c orignew
d 4
e ncip
f 19
g y-gencatlg
942 ## - ADDED ENTRY ELEMENTS (KOHA)
Source of classification or shelving scheme Dewey Decimal Classification
Koha item type Books
Holdings
Withdrawn status Lost status Source of classification or shelving scheme Damaged status Not for loan Home library Current library Date acquired Total Checkouts Full call number Barcode Date last seen Price effective from Koha item type Shelving location
    Dewey Decimal Classification     Law Development Centre Main Library Law Development Centre Main Library 01/06/2012   346.086 BYA 3305/2012 01/06/2012 01/06/2012 Books  
    Dewey Decimal Classification     Law Development Centre Main Library Law Development Centre Main Library 01/06/2012   346.086 BYA 3310/2012 01/06/2012 01/06/2012 Books Text Books and Laws